Online
Catalog

La energía nuclear en Gran Bretaña / (Record no. 20302)

MARC details
000 -CABECERA
campo de control de longitud fija 00577nam a2200169 a 4500
001 - NÚMERO DE CONTROL
campo de control 000020798
005 - FECHA Y HORA DE LA ÚLTIMA TRANSACCIÓN
campo de control 20200930011152.0
008 - DATOS DE LONGITUD FIJA--INFORMACIÓN GENERAL
campo de control de longitud fija 100817s1962 fr abc 000 0 spa d
040 ## - FUENTE DE LA CATALOGACIÓN
Centro catalogador/agencia de origen DO-SdBNP
Lengua de catalogación spa
Centro/agencia transcriptor BPJMB
082 ## - NÚMERO DE LA CLASIFICACIÓN DECIMAL DEWEY
Número de clasificación 333.7924
Número de documento/Ítem E56n
245 03 - MENCIÓN DE TÍTULO
Título La energía nuclear en Gran Bretaña /
Mención de responsabilidad, etc. editado por Reference Division Central Office of Information.
260 ## - PUBLICACIÓN, DISTRIBUCIÓN, ETC.
Lugar de publicación, distribución, etc. Londres :
Nombre del editor, distribuidor, etc. [s.n.],
Fecha de publicación, distribución, etc. 1962.
300 ## - DESCRIPCIÓN FÍSICA
Extensión 100 p. :
Otras características físicas il., retrs, mapas ;
Dimensiones 24 cm.
500 ## - NOTA GENERAL
Nota general Incluye notas al pie de las páginas
650 #4 - PUNTO DE ACCESO ADICIONAL DE MATERIA--TÉRMINO DE MATERIA
Término de materia o nombre geográfico como elemento de entrada Energía nuclear
9 (RLIN) 34594
650 #4 - PUNTO DE ACCESO ADICIONAL DE MATERIA--TÉRMINO DE MATERIA
Término de materia o nombre geográfico como elemento de entrada Fuentes de energía
9 (RLIN) 43589

No items available.

Powered by Koha